000 00212nam a2200085 4500
001 1258657
005 20260313140505.0
245 _aBİLİM KIZ ZEKİYE BAŞIMIZA İCAT ÇIKARMA
_cHARUN ÇOLAK
260 _bATLI KARINCA
999 _c1258657
_d1258657